| 000 | 00335nam a2200145Ia 4500 | ||
|---|---|---|---|
| 999 |
_c30886 _d30886 |
||
| 003 | OSt | ||
| 005 | 20250707124700.0 | ||
| 008 | 250310s9999||||xx |||||||||||||| ||und|| | ||
| 040 | _c. | ||
| 082 |
_a823 _bR632 |
||
| 100 |
_95978 _aRobbins, Harold |
||
| 245 | 0 |
_aThe carpet baggers / _cHarold Robbins |
|
| 300 | _a633 p. | ||
| 942 |
_cBK _2ddc |
||